Titre à son album - Booba - Clic quiz - Statistiques

Statistiques générales
  • Ce quiz a été pris 87 fois
  • Le résultat moyen est 18 sur 30
Statistiques - réponses
Hint Réponse % Correct
92i Veyron Nero nemesis
86%
Dolce Camara AD VITAM ÆTERNAM
81%
Pitbull Ouest Side
79%
Tallac Panthéon
79%
Boulbi Ouest Side
78%
Validée Nero nemesis
76%
Friday Trône
75%
Petite fille Trône
75%
N°10 Panthéon
71%
Mona Lisa ULTRA
69%
Le bitume avec une plume Temps mort
65%
Tony Sosa D.U.C.
64%
Attila Nero nemesis
64%
Le Duc de Boulogne Ouest Side
63%
Repose en paix Temps mort
61%
Caramel Futur
60%
Wesh Morray Futur
60%
Comme une étoile Lunatic
60%
Maître Yoda Futur
56%
Nougat Trône
56%
Garcimore 0.9
53%
L'olivier ULTRA
53%
Izi Monnaie 0.9
50%
Nouvelle école Temps mort
50%
Caracas D.U.C.
49%
Jour de paye Lunatic
49%
Maki Sall Music Futur
47%
Gun in Hand Ouest Side
43%
Saddam-Hauts-de-Seine Lunatic
38%
Abracadabra Lunatic
32%
Aucun quiz correspondant
Distribution des résultats
% des personnes avec chaque résultat
Percentile par nombre de réponses
Votre historique - résultats
Vous n’avez pas pris ce quiz